Which country has Bulgaria most similarty on dna - Statistics

General Stats
  • This quiz has been taken 45 times
    31 since last reset
  • The average score is 15 of 20
Answer Stats
Rank Country % Correct
4 Greece
100%
1 Romania
100%
5 Turkey
96%
13 Ukraine
96%
3 North Macedonia
91%
2 Serbia
91%
8 Bosnia and Herzegovina
87%
9 Croatia
87%
15 Moldova
87%
14 Poland
87%
6 Albania
78%
7 Montenegro
78%
16 Italy
74%
18 Germany
70%
11 Slovakia
70%
17 Austria
65%
12 Czechia
61%
10 Hungary
61%
19 France
57%
20 Sweden
9%
No matching quizzes found
Score Distribution
Percent of People with Each Score
Percentile by Number Answered
Your Score History
You have not taken this quiz since the last reset